000 00869pam a2200277 a 4500
001 3452263
005 20180309073220.0
008 921022s1993 paua b 001 0 eng c
010 _a 92048916
020 _a039755009X
040 _aDNLM/DLC
_cDLC
_dDLC
041 _aeng
060 _aWB 354 W424p
080 _a615.855
082 0 0 _a615.855 WEI
_220
100 1 _a8
101 _aEGZF
245 1 0 _aPlumer's Principles & practice of intravenous therapy /
_cSharon M. Weinstein.
504 _aIncludes bibliographical references and index.
740 0 _aPlumer's principles and practice of intravenous therapy.
740 0 _aPrinciples & practice of intravenous therapy.
740 0 _aPrinciples and practice of intravenous therapy.
906 _a7
_bcbc
_corignew
_d1
_eocip
_f19
_gy-gencatlg
942 _2ddc
_cBK
999 _c44582
_d44582